000
00315nam a22001457a 4500
020
_a
0-486-46157-2
082
_a
510
_b
`STI/H
100
_a
STICKER/HENRY
245
_a
HOW TO CALCULATE QUICKLY
260
_a
NOIDA
_b
DOVER PUBLICATIONS INC
_c
1955
300
_a
183
520
_a
MATHS
650
_a
G.K
942
_c
BK
999
_c
6741
_d
6741